Enej #tekstypolskichpiosenek - Statystyki

Ogólne statystyki
  • Ten quiz został rozwiązany 479 razy
  • Średni wynik to 6 z 14
Statystyki odpowiedzi
Tekst piosenki Tytuł % Poprawnych
Zapraszam Ciebie na to spotkanie, i wtedy wrócisz tu do domu po dziesiątej, ale nic Ci się nie stanie Symetryczno-liryczna
85%
Mam już parę złotych, zbieram drugą noc. Dałbym tobie kwiatów nawet cały kosz. Kamień z napisem love
75%
Dobryj deń, vitaye tebe radio (antykomerciyne) A pohoda bude duzhe parno (y psychodelichne) Radio Hello
65%
A ile można modlić się o lont, który zapłonie kiedy chciałby on Skrzydlate ręce
61%
Miliardy nowych gwiazd na niebie, miliony wierszy, które znała już. Tysiące barw, gdzie ona drzemie. I parę złotych róż, i kilka białych róż! Lili
54%
Z okna na świat zniknie kurz i umilkną fale. W górę wszystkie ręce, które chcą budować dalej! Zbudujemy dom
53%
Czy widział moze ktoś zabłąkaną duszę? Czy słyszał jak ucieka ulicami miast? To moja, od dawna zagubiona Zagubiony
36%
Teraz twoja kolej, by zapalić ogień. Co ogrzeje to uczucie, radzą zakochani ludzie Tak smakuje życie
31%
Chodź tu, bo jesteś taka piękna. Chodź tu, bo znamy się od dziecka. Za sto mych róż, Kochanie z Tobą chcę doczekać jutra Idealny sen
21%
Bajek nie czytaj. Bo wszystkie bajki dobrze znam. Ja bardzo boje się obudzić tam, gdzie nie ma mnie Nie chcę spać
20%
Kiedy przyjdzie noc i wyłączy sumienie, i kiedy spadnie gwiazda, co świeciła nam to wtedy przyjdę ja i nauczę się ciebie, Dzisiaj będę ja
15%
Kim jest ten pan, który prosi o kawałek chleba. On stoi sam, bo od pięciu lat nikogo już nie ma. Po mieście włóczy się i szuka miejsca do schronienia. Jedyne co ma to podarte buty i jego marzenia Państwo B
15%
Kiedyś listy pochowałem do butelki, a w nich pytania spędzały sen z powieki. Wielką wodą, oceanem popłynęły, może gdzieś dotrą, a może utonęły. Może będzie lepiej
14%
W niewidocznym małym pokoju, co otacza go wielki mur. W papierowej kolebce spokoju, stoją ludzie a ja wśród stu Wolę ciebie wolność
9%
Nie znaleziono quizów pasujących do podanych kryteriów
Rozkład punktacji
Procent ludzi z każdym wynikiem
Percentyl według liczby udzielonych odpowiedzi
Twoja historia wyników
Nie rozwiązałeś tego quizu